000
00261nam a2200097Ia 4500
001
1164239
005
20250827011717.0
008
250824s9999 xx 000 0 und d
245
0
_a
KORKMAYIN ÇÜNKÜ BEN SİZİNLEYİM
_c
UGUR KOŞAR
260
_b
DESTEK YAYINLARI
999
_c
1164239
_d
1164239